Marco de referencia para la evaluación de la responsabilidad social de las universidades : (Registro nro. 9339)

Detalles MARC
000 -Cabecera
Campo de control interno 00545nam a2200181Ia 4500
005 - Fecha y hora del registro
control field 20260306161711.0
008 - Elementos de Longitud Fija
fixed length control field 260306t2020||||xx |||||||||||||| ||spa||
041 ## - Idioma
Codigo Idioma ESP
082 ## - DEWEY y NOTACIÓN INTERNA
Dewey 378.103
Notación Interna F34
110 ## - AUTOR INSTTITUCIONAL
Autor Institucional Federación Internacional de Universidades Católicas
245 #0 - TÍTULO DE MATERIAL BIBLIOGRÁFICO
Título Marco de referencia para la evaluación de la responsabilidad social de las universidades :
Título paralelo de la teoría a la práctica
260 ## - CIUDAD, EDITORIAL, AÑO
Año 2020
300 ## - DESCRIPCIÓN
N° Páginas 73 páginas :
Dimensiones 21 cm.
650 ## - TEMAS
Temas Generalidades
654 ## - PROGRAMAS
Programa Dpto. de Educación
942 ## - ELEMENTOS DE KOHA
Tipo de documento Libro
Nombre del creador Justo Noguera
Código de catalogador Justo Noguera
Esquema de clasificación Dewey Decimal Classification
Suppress in OPAC
Existencias
Codigo completo Registro Colección Copia número Disponibilidad Tipo de préstamo Biblioteca Actual Procedencia (Biblioteca) Ubicacón Fecha Ingreso Tipo de Adquisición Date last seen Total checkouts Price effective from Tipo de Item Estado del Material Fuente de Clasificación Damaged status Withdrawn status
378.103 F34 1082585 Universidad Católica San Pablo 1 Disponible Disponible Víctor Andrés Belaunde Víctor Andrés Belaunde Planta baja abierta 03/06/2026 Donación 06/03/2026   06/03/2026 Libro Bueno Dewey Decimal Classification